| 000 | 00781nam0a22002291 4500 | ||
|---|---|---|---|
| 001 | rc\2670263 | ||
| 005 | 20110621130425.7 | ||
| 035 | _a(NLR Aleph) 006976561 | ||
| 090 |
_a5492651 _c5492651 |
||
| 100 | _a20110621d1932 |||y0rusy50 ca | ||
| 101 | 0 | _arus | |
| 102 | _aRU | ||
| 105 | _aa z ||||| | ||
| 200 | 1 |
_aПамятка клепальщика _eПамятка разработана мастером _fт. В.И. Шноором _gГУАП завод |
|
| 210 |
_a[Таганрог] _cТехпроп Завода _d1932 _g[тип.] изд. "Таганрог. правда" |
||
| 215 |
_aТит. л., 15 с. _cил. _d18×13 см |
||
| 700 | 1 |
_aШноор _bВ. И. |
|
| 801 | 0 |
_aRU _bNLR _gpsbo |
|
| 801 | 1 |
_aRU _bELAR _2rusmarc |
|
| 852 |
_aNLR _j32-8/8950 |
||
| 942 | _cBOOK | ||
| 980 | _aNB | ||